000 01224cam a2200301 a 4500
001 12401989
003 ARRUPE
005 20160225100730.0
008 010508s2002 nyu 001 0 eng
010 _a 2001034298
020 _a1565847032 (pbk.)
040 _aDLC
_cDLC
_dDLC
050 0 0 _aP85.C47
_bU5
082 0 0 _a320
_221
100 1 _aChomsky, Noam.
_922398
245 1 0 _aUnderstanding power :
_bthe indispensable Chomsky /
_cby Chomsky, Noam
260 _aNew York :
_bVintage
_c2003
300 _axiii, 416 p. ;
_c24 cm.
500 _a"Explanatory footnotes available at www.understandingpower.com."
500 _aIncludes index.
600 1 0 _aChomsky, Noam
_xPolitical and social views.
_922399
600 1 0 _aChomsky, Noam
_vInterviews.
_922400
700 1 _aMitchell, Peter R.
_eed.
_922401
700 1 _aSchoeffel, John.
_eed.
_922402
906 _a7
_bcbc
_corignew
_d1
_eocip
_f20
_gy-gencatlg
942 _2lcc
_cMONOGRAPH
999 _c124207
_d124207